Anthropology and the Greeks

Αποθηκεύτηκε σε:
Λεπτομέρειες βιβλιογραφικής εγγραφής
Κύριος συγγραφέας: Humphreys, S. C. (Sarah C.)
Μορφή: Βιβλίο
Γλώσσα:English
Δημοσίευση: London : Routledge, 1978
Σειρά:International library of anthropology
Θέματα:
Ετικέτες: Προσθήκη ετικέτας
Δεν υπάρχουν, Καταχωρήστε ετικέτα πρώτοι!

MARC

LEADER 00000nam a2200000 i 4500
001 1/82255
008 950529s1978 eng d
020 |a 0-7102-0016-1 
035 |l 10005468 
040 |a GR-MY-UA  |b gre  |e aacr 
041 0 |a eng 
082 0 |a 306.0938 
100 1 |a Humphreys, S. C. (Sarah C.) 
245 1 0 |a Anthropology and the Greeks /  |c S. C. Humphreys 
260 |a London :   |b Routledge,   |c 1978 
300 |a 357 p. 
490 1 |a International library of anthropology 
504 |a Includes bibliographical references and index 
650 0 0 |a Anthropology  |z Greece. 
651 0 |a Greece  |x Antiquities. 
830 0 |a International library of anthropology 
852 |a INST  |b LESVOS  |e 19950529  |h 306.0938 HUM  |p 005100000425  |q 005100000425  |t BK  |y 0 
909 |a Λ  |b 007536